| 000 | 00392nam a2200157Ia 4500 | ||
|---|---|---|---|
| 008 | 230917s9999||||xx |||||||||||||| ||und|| | ||
| 040 |
_e203862 _aMAIN |
||
| 041 | _aEnglish | ||
| 082 | _a657.95 M748F(17) | ||
| 100 | _aMonga, J R | ||
| 245 | 0 | _aFundamentals of corporate accounting. V1 | |
| 250 | _a17th ed. | ||
| 260 |
_aNoida _bMayur Paperbacks _c2011 |
||
| 300 | _av. p. | ||
| 942 | _cBK | ||
| 999 |
_c174255 _d174255 |
||